000 00625nam a22001937a 4500
001 114579
003 DR-UNIBE
005 20260428100132.0
008 260414b2000 pn ||||| |||| 00| 0 spa d
040 _aBIBLIOTECA UNIBE
_bspa
_cBIBLIOTECA UNIBE
041 _aspa
082 _aF 5826
245 0 3 _aDerecho y ciudadanía social
260 _a Panamá :
_bFondo de las Naciones Unidas para la Infancia :
_bÓrgano Judicial de la República de Panamá,
_c2000
300 _apaginación varias
650 7 _2lemb
_aDerechos del niño
650 7 _2lemb
_aNiños
_xEstado legal, legislación, etc
_98281
942 _2ddc
_cMX
999 _c114580
_d114580